[Event "Prva liga Centralne Srbije 2010"]
[Site "Valjevo"]
[Date "2010.09.19"]
[Round "2.5"]
[White "Urosevic, Zoran"]
[Black "Stamenkovic, Dragan"]
[Result "0-1"]
[WhiteElo "2255"]
[BlackElo "2370"]
[PlyCount "104"]
[EventDate "2010.09.18"]

1. e4 c5 2. Nf3 Nc6 3. d4 cxd4 4. Nxd4 g6 5. c4 Bg7 6. Be3 Nf6 7. Nc3 d6 8. Be2
O-O 9. O-O Bd7 10. Kh1 Nxd4 11. Bxd4 Bc6 12. Qd3 a5 13. Rab1 Nd7 14. Bxg7 Kxg7
15. f4 Qb6 16. Bg4 Nf6 17. Bf3 Qc5 18. Rfe1 Nd7 19. Rbd1 Rfd8 20. Nd5 Bxd5 21.
Qc3+ Kg8 22. Rxd5 Qb4 23. Qxb4 axb4 24. Rb5 Rxa2 25. Rxb4 Nc5 26. Rd1 Rda8 27.
g3 R8a4 28. Rb5 Rxc4 29. e5 Rc2 30. exd6 exd6 31. Bxb7 Raxb2 32. Rxb2 Rxb2 33.
Bf3 Rb3 34. Kg2 Rd3 35. Rc1 Rd2+ 36. Kg1 Kg7 37. h4 Kf6 38. Ra1 Nb3 39. Ra7 Ke6
40. f5+ gxf5 41. Bh5 Nd4 42. Kf1 Nc2 43. Rxf7 Ne3+ 44. Ke1 Rg2 45. Rf8 Ke5 46.
Rg8 Kd4 47. Bf3 Nc2+ 48. Kf1 Ne3+ 49. Ke1 Rh2 50. Re8 d5 51. Rd8 Kd3 52. Rd7
Rb2 0-1

[Event "Prva liga Centralne Srbije 2010"]
[Site "Valjevo"]
[Date "2010.09.19"]
[Round "2.5"]
[White "Mihic, Bojan"]
[Black "Lazic, Zeljko"]
[Result "1/2-1/2"]
[WhiteElo "2413"]
[BlackElo "2183"]
[PlyCount "113"]
[EventDate "2010.09.18"]

1. d4 g6 2. c4 Bg7 3. Nc3 d6 4. e4 Nc6 5. Be3 e5 6. d5 Nce7 7. g4 f5 8. f3 Nf6
9. g5 Nh5 10. Qd2 O-O 11. O-O-O a6 12. Kb1 Bd7 13. c5 Nc8 14. Bc4 Kh8 15. h4
Qe8 16. Nge2 b5 17. cxb6 Nxb6 18. Bd3 Bb5 19. Nxb5 axb5 20. Bxb6 cxb6 21. Qb4
Ra5 22. Nc3 fxe4 23. fxe4 Rf2 24. Bxb5 Qf8 25. Rhf1 Rf4 26. Bd3 Qd8 27. Nb5 Bf8
28. Rc1 Rxh4 29. Nc7 Nf4 30. Ne6 Nxe6 31. dxe6 Rf4 32. Qb3 Rc5 33. Rxc5 Rxf1+
34. Bxf1 dxc5 35. a4 Be7 36. Bc4 Bxg5 37. Bd5 h5 38. Qg3 Qf6 39. Ka2 Kg7 40.
Qb3 Qd8 41. Qg3 Bf6 42. Qf3 Qe8 43. b3 g5 44. Bc4 g4 45. Qh1 h4 46. Be2 Qxe6
47. Qd1 g3 48. Bg4 Qf7 49. Bf5 Kh6 50. Qd2+ Kg7 51. Qd1 Bg5 52. Qg4 Kf6 53. Qd1
c4 54. Qd8+ Qe7 55. Qh8+ Kf7 56. Qh7+ Kf8 57. Qh8+ 1/2-1/2

[Event "Prva liga Centralne Srbije 2010"]
[Site "Valjevo"]
[Date "2010.09.19"]
[Round "2.5"]
[White "Merdovic, Miroljub"]
[Black "Nestorovic, Lazar"]
[Result "0-1"]
[WhiteElo "2176"]
[BlackElo "2335"]
[PlyCount "68"]
[EventDate "2010.09.18"]

1. e4 c5 2. Nf3 e6 3. d3 Nc6 4. Nc3 d6 5. g3 Nf6 6. Bg2 Be7 7. O-O O-O 8. Ne2
Qc7 9. c3 c4 10. Nfd4 cxd3 11. Qxd3 a6 12. h3 Nd7 13. Nxc6 bxc6 14. b3 a5 15.
Rd1 Ne5 16. Qc2 d5 17. Be3 Ba6 18. f4 Nd7 19. Kh2 Nc5 20. e5 Rfc8 21. h4 a4 22.
b4 Nd7 23. a3 c5 24. Qd2 Nb6 25. Ng1 Bc4 26. Rdc1 Bb3 27. Bf1 Qb7 28. Qf2 Rc7
29. Nf3 Rac8 30. Nd2 d4 31. cxd4 cxb4 32. Nxb3 axb3 33. axb4 Rc2 34. Be2 b2 0-1

[Event "Prva liga Centralne Srbije 2010"]
[Site "Valjevo"]
[Date "2010.09.19"]
[Round "2.6"]
[White "Djukic, Zeljko"]
[Black "Markovic, Zoran S"]
[Result "1-0"]
[WhiteElo "2382"]
[BlackElo "2343"]
[PlyCount "63"]
[EventDate "2010.09.18"]

1. d4 d5 2. c4 e6 3. Nc3 Nf6 4. Bg5 Be7 5. e3 O-O 6. Nf3 h6 7. Bh4 b6 8. Qb3
Bb7 9. Bxf6 Bxf6 10. cxd5 exd5 11. Rd1 Re8 12. Bd3 c6 13. O-O Nd7 14. e4 Nf8
15. e5 Be7 16. Bf5 g6 17. Bh3 Bc8 18. Bxc8 Rxc8 19. Ne1 Ne6 20. Nc2 f5 21. f4
b5 22. Kh1 Qa5 23. Ne3 Rcd8 24. h3 h5 25. g4 hxg4 26. hxg4 fxg4 27. Qc2 Nf8 28.
f5 Bg5 29. Nxg4 Qc7 30. fxg6 Qg7 31. Rf7 Qxg6 32. Rxf8+ 1-0

[Event "Prva liga Centralne Srbije 2010"]
[Site "Valjevo"]
[Date "2010.09.19"]
[Round "2.6"]
[White "Nestorovic, Dejan"]
[Black "Andonov, Bogomil"]
[Result "1-0"]
[WhiteElo "2414"]
[BlackElo "2304"]
[PlyCount "111"]
[EventDate "2010.09.18"]

1. d4 Nf6 2. c4 c5 3. d5 b5 4. Nf3 d6 5. cxb5 a6 6. e3 g6 7. Nc3 Bg7 8. a4 O-O
9. Ra3 Bb7 10. Be2 axb5 11. Bxb5 Na6 12. e4 Nb4 13. O-O Ba6 14. Re1 Ng4 15. h3
Bxb5 16. Nxb5 Ne5 17. Nxe5 Bxe5 18. f4 Bg7 19. Qb3 Qb6 20. Kh1 Na6 21. Qc4 Qa5
22. Re2 Qb4 23. b3 Qxc4 24. bxc4 Nb4 25. e5 Ra6 26. Bb2 Rb8 27. g4 Kf8 28. exd6
exd6 29. Bxg7+ Kxg7 30. Nc7 Ra7 31. Ne8+ Kf8 32. Nxd6 Ra6 33. Ne4 Re8 34. Kg2
f5 35. gxf5 gxf5 36. Ng3 Rxe2+ 37. Nxe2 Nc2 38. Rc3 Nb4 39. Ra3 Nc2 40. Rc3 Nb4
41. Ng3 Rxa4 42. Nxf5 Ra6 43. Kf3 Ra1 44. Ng3 Ke7 45. Ne4 Ra5 46. Kg4 Kf7 47.
Kf5 h6 48. Nd6+ Ke7 49. Nb7 Ra7 50. Nxc5 Rc7 51. Ne4 Rc8 52. Ke5 Rb8 53. Ra3
Rb7 54. Nc5 Rb6 55. Ra7+ Ke8 56. f5 1-0

[Event "Prva liga Centralne Srbije 2010"]
[Site "Valjevo"]
[Date "2010.09.19"]
[Round "2.6"]
[White "Mitrovic, Darko R"]
[Black "Lapcevic, Milos"]
[Result "0-1"]
[WhiteElo "2342"]
[BlackElo "2421"]
[PlyCount "82"]
[EventDate "2010.09.18"]

1. e4 c5 2. Nf3 d6 3. d4 cxd4 4. Nxd4 Nf6 5. Nc3 a6 6. Bg5 e6 7. Qd2 Be7 8.
O-O-O O-O 9. h4 b5 10. Bd3 Bb7 11. f3 Nbd7 12. g4 Nc5 13. Kb1 b4 14. Nce2 a5
15. Be3 Nfd7 16. g5 a4 17. h5 b3 18. g6 bxc2+ 19. Bxc2 Ne5 20. h6 fxg6 21. hxg7
Rf7 22. Nf4 Qd7 23. Rxh7 Kxh7 24. Qh2+ Kxg7 25. Rh1 Bf6 26. Nxg6 Kg8 27. Nxe5
dxe5 28. Ne2 Rc8 29. Ng3 Rh7 30. Nh5 Kf7 31. Qg1 Bh8 32. Bxc5 Qc6 33. Ng3 Rxh1
34. Qxh1 Qxc5 35. Bxa4 Bg7 36. a3 Ba6 37. Bb3 Bd3+ 38. Ka2 Bc4 39. Bxc4 Qxc4+
40. Kb1 Qc2+ 41. Ka2 Rb8 0-1

[Event "Prva liga Centralne Srbije 2010"]
[Site "Valjevo"]
[Date "2010.09.19"]
[Round "2.6"]
[White "Prelevic, Dusko"]
[Black "Djokic, Vladan"]
[Result "1/2-1/2"]
[WhiteElo "2342"]
[BlackElo "2279"]
[PlyCount "55"]
[EventDate "2010.09.18"]

1. e4 c5 2. Nf3 e6 3. d4 cxd4 4. Nxd4 a6 5. c4 Nf6 6. Nc3 d6 7. g3 Qc7 8. Be3
b6 9. Rc1 Bb7 10. Bg2 Nbd7 11. O-O Rc8 12. f4 Qb8 13. Qe2 Qa8 14. f5 e5 15. Ne6
fxe6 16. fxe6 Nc5 17. Rxf6 gxf6 18. Qh5+ Kd8 19. b4 Be7 20. bxc5 bxc5 21. Qf7
Rc7 22. Rd1 Kc8 23. Na4 Qa7 24. Rb1 Bc6 25. Bxc5 dxc5 26. Nb6+ Kb8 27. Nd7+ Ka8
28. Nb6+ 1/2-1/2

[Event "Prva liga Centralne Srbije 2010"]
[Site "Valjevo"]
[Date "2010.09.19"]
[Round "2.6"]
[White "Andrejic, Vladica"]
[Black "Stankovic, Dejan"]
[Result "0-1"]
[WhiteElo "2163"]
[BlackElo "2240"]
[PlyCount "72"]
[EventDate "2010.09.18"]

1. d4 d5 2. c4 c6 3. Nf3 Nf6 4. Nc3 e6 5. Bg5 dxc4 6. e4 b5 7. e5 h6 8. Bh4 g5
9. Nxg5 Nd5 10. Nxf7 Qxh4 11. Nxh8 Bb4 12. Rc1 c5 13. dxc5 Qg5 14. Be2 Bb7 15.
Bh5+ Kf8 16. Qf3+ Kg8 17. O-O Kxh8 18. Ne4 Qf4 19. Qh3 Qxe4 20. Bf7 Nd7 21.
Bxe6 Nxc5 22. Bf5 Qf4 23. Rcd1 Ne7 24. Bb1 Rg8 25. f3 Bd2 26. Kh1 b4 27. Rf2 c3
28. Re2 Ba6 29. Re4 Nxe4 30. Bxe4 Be2 31. Qe6 Rxg2 32. Kxg2 Qg5+ 33. Kh1 Bxd1
34. Qf7 Qg7 35. Qe8+ Ng8 36. bxc3 Be3 0-1